000 00748nam a2200229 a 4500
001 000042090
003 DO-SdBNP
005 20240405182606.0
007 ta
008 131113s2013 dr ac 000 0 spa d
020 _a9789945165685
040 _aDO-SdBNP
_bspa
_cBNPHU
082 4 _222
100 1 _aBáez Guerrero, José,
_d1958-
_917125
245 1 0 _aEncomio de la prensa :
_bantídoto a diatribas /
_cJosé Báez Guerrero.
260 _aSanto Domingo :
_bArte Tuto,
_c2013.
300 _a145 p. :
_bil., retrs. ;
_c23 cm.
500 _aIncluye datos biográficos del autor en la solapa de la cubierta
504 _aIncluye referencias bibliográficas y notas al pie de las páginas
590 _aInventariado, 2023/BT
942 _2ddc
_cLBS1
999 _c41579
_d41579